NBA One-time All-Stars 3 - Statistics

General Stats
  • This quiz has been taken 44 times
  • The average score is 8 of 16
Answer Stats
Picture Answer % Correct
Brook Lopez
100%
Mike Conley
97%
Darius Garland
89%
Gordon Hayward
89%
Mark Eaton
74%
A.C. Green
50%
B.J. Armstrong
47%
Charles Oakley
47%
World B. Free
47%
Devin Harris
37%
Jeff Hornacek
37%
Shareef Abdur-Rahim
26%
Theo Ratliff
26%
Sleepy Floyd
16%
Jamaal Magloire
11%
Chris Gatling
5%
No matching quizzes found
Score Distribution
Percent of People with Each Score
Percentile by Number Answered
Your Score History
You have not taken this quiz